000
00266nam a22001217a 4500
020
_a
0-600-39392-5
082
_a
930 SWI'W
100
_a
SWINGLEHURST, E
_9
75905
245
_a
WONDERS OF THE WORLD
260
_a
LONDON
_b
HAMLYN
_c
1975
300
_a
157P
942
_c
BK
999
_c
581317
_d
581317